Оптимизация функционирования многоканальных распределённых информационно-телекоммуникационных систем для труднодоступных объектов; Известия Томского политехнического университета [Известия ТПУ]; Т. 313, № 5: Управление, вычислительная техника и информатика

Bibliographic Details
Parent link:Известия Томского политехнического университета [Известия ТПУ]/ Томский политехнический университет (ТПУ).— , 2000-
Т. 313, № 5: Управление, вычислительная техника и информатика.— 2008.— [С. 51-54]
Main Author: Сонькин М. А. Михаил Аркадьевич
Other Authors: Шамин А. А. Алексей Алексеевич
Summary:Заглавие с титульного листа
Электронная версия печатной публикации
Выбраны критерии оптимизации передачи данных в системах сбора гидрометеорологической информации. Предложены способы оценки времени и стоимости доставки сообщений по заданному каналу связи на основании статистических данных с учётом выбранного способа тарификации связи. Выработаны алгоритмы оптимизации передачи данных: по времени доставки, стоимости доставки и надёжности.
Language:Russian
Published: 2008
Series:Управление, вычислительная техника и информатика
Subjects:
Online Access:http://www.lib.tpu.ru/fulltext/v/Bulletin_TPU/2008/v313/i5/11.pdf
Format: MixedMaterials Electronic Book Chapter
KOHA link:https://koha.lib.tpu.ru/cgi-bin/koha/opac-detail.pl?biblionumber=173670

MARC

LEADER 00000nla2a2200000 4500
001 173670
005 20231031164516.0
035 |a (RuTPU)RU\TPU\book\188351 
035 |a RU\TPU\book\188350 
090 |a 173670 
100 |a 20091229d2008 k y0rusy50 ca 
101 0 |a rus 
102 |a RU 
135 |a drnn ---uucaa 
181 0 |a i  
182 0 |a b 
200 1 |a Оптимизация функционирования многоканальных распределённых информационно-телекоммуникационных систем для труднодоступных объектов  |b Электронный ресурс  |f М. А. Сонькин, А. А. Шамин 
203 |a Текст  |c электронный 
215 |a 1 файл (301 Кб) 
225 1 |a Управление, вычислительная техника и информатика 
230 |a Электронные текстовые данные (1 файл : 301 Кб) 
300 |a Заглавие с титульного листа 
300 |a Электронная версия печатной публикации 
320 |a [Библиогр.: с. 54 (4 назв.)] 
330 |a Выбраны критерии оптимизации передачи данных в системах сбора гидрометеорологической информации. Предложены способы оценки времени и стоимости доставки сообщений по заданному каналу связи на основании статистических данных с учётом выбранного способа тарификации связи. Выработаны алгоритмы оптимизации передачи данных: по времени доставки, стоимости доставки и надёжности. 
337 |a Adobe Reader 
461 1 |0 (RuTPU)RU\TPU\book\176237  |t Известия Томского политехнического университета [Известия ТПУ]  |f Томский политехнический университет (ТПУ)  |d 2000- 
463 1 |0 (RuTPU)RU\TPU\book\188332  |x 1684-8519  |t Т. 313, № 5: Управление, вычислительная техника и информатика  |v [С. 51-54]  |d 2008  |p 191 с. 
610 1 |a оптимизация 
610 1 |a функционирование 
610 1 |a информационно-телекоммуникационные системы 
610 1 |a труднодоступные объекты 
610 1 |a гидрометеорологическая информация 
610 1 |a доставка 
610 1 |a сообщения 
610 1 |a каналы связи 
610 1 |a статистические данные 
610 1 |a тарификация 
610 1 |a алгоритмы оптимизации 
610 1 |a пакетная передача данных 
610 1 |a прикладная математика 
610 1 |a труды учёных ТПУ 
610 1 |a электронный ресурс 
700 1 |a Сонькин  |b М. А.  |c специалист в области информатики и вычислительной техники  |c профессор Томского политехнического университета, доктор технических наук  |f 1954-  |g Михаил Аркадьевич  |2 stltpush  |3 (RuTPU)RU\TPU\pers\25548 
701 1 |a Шамин  |b А. А.  |c специалист в области информатики и вычислительной техники  |c доцент Томского политехнического университета, кандидат технических наук  |f 1977-  |g Алексей Алексеевич  |2 stltpush  |3 (RuTPU)RU\TPU\pers\25550 
801 1 |a RU  |b 63413507  |c 20090623  |g PSBO 
801 2 |a RU  |b 63413507  |c 20211207  |g PSBO 
856 4 |u http://www.lib.tpu.ru/fulltext/v/Bulletin_TPU/2008/v313/i5/11.pdf 
942 |c CF